00801nam a2200229Ia 4500003000900000008004100009020001800050040001600068080002200084100002400106245006800130260004200198300001400240490005000254650003400304650003200338650003200370650004900402942000700451999001500458952009800473IN-BaIIA211028s9999 xx 000 0 eng d a90-277-0279-9 cIIA Library a52(082.1)bASS-34 aKourganoff, V92644 0aIntroduction to the physics of stellar interiorscV. Kourganoff aDordrechtbD. Reidel Publishingc1973 axi, 115p. aAstrophysics and space science library; v. 34 a Steddllar interiors 98374 a Stellar atomspheres98375 a Stellar structure 98376 aAstronomy and astrophysics thesaurus 91143 cBK c4721d4721 00104070aBANbBANcGENd1975-05-08l0o52(082.1)/ ASS-34p5276r2021-11-05w1975-05-08yBK